| 000 | 01135nam a22002537a 4500 | ||
|---|---|---|---|
| 999 |
_c101960 _d101960 |
||
| 005 | 20230302165624.0 | ||
| 010 | _a ENG-136307 1617EN ENG-117138 | ||
| 020 |
_a9780199461868 _c1495.00 |
||
| 035 | _aB-650143-150 EN-119839 | ||
| 035 | _aEN-100670 | ||
| 037 |
_bUppal _adpl |
||
| 037 | _bDBAD/PUB | ||
| 082 | _a307.7620954 | ||
| 245 |
_aThe changing village in India: _c edited by Himanshu, Praveen Jha and Gerry Rodgers _binsights from longitudinal research / |
||
| 260 |
_c2016 _aNew Delhi _bOxford University Press |
||
| 270 |
_aYMCA Library Building, 1, Jai Singh Road, _bNew Delhi _e110001. |
||
| 300 |
_c22cm(Hb) _avii,498p.: _b illus. |
||
| 710 | _aHimanshu, Praveen Jha and Gerry Rodgers | ||
| 710 | _aJha, Praveen | ||
| 710 | _a Rodgers,Gerry | ||
| 942 |
_cEN _2ddc _h305.420954 _mCHA |
||